000 00344nam a2200133Ia 4500
005 20260326100040.0
008 260326s9999||||xx |||||||||||||| ||und||
100 _aAsensio Cerver, Francisco
245 0 _aHigh Tech para High Tech /
_cFrancisco Asensio Cerver
260 _bLoft
300 _a175 p.
650 _aARQUITECTURA CIVIL
942 _cBK
999 _c6963
_d6963